| 000 | 01126cam a22002894a 4500 | ||
|---|---|---|---|
| 090 | _c0 | ||
| 001 | 11814790 | ||
| 005 | 20000426091823.0 | ||
| 008 | 991020s2000 nyu 001 0 eng | ||
| 010 | _a 99054988 | ||
| 020 | _a0071355006 | ||
| 040 |
_aDLC _cDLC _dDLC |
||
| 042 | _apcc | ||
| 050 | 0 | 0 |
_aHG4521 _b.S614 2000 |
| 082 | 0 | 0 |
_a332.024 _221 _bSKO |
| 100 | 1 | _aSkousen, Mark. | |
| 245 | 1 | 4 |
_aThe new scrooge investing : _bThe bargain hunter's guide to thrifty investments, super discounts, special privileges, and other money-saving tips / _cMark Skousen. |
| 260 |
_aNew York : _bMcGraw-Hill, _cc2000. |
||
| 300 |
_axiv, 235 p. ; _c24 cm. |
||
| 500 | _aIncludes index. | ||
| 650 | 0 | _aInvestments. | |
| 650 | 0 | _aFinance, Personal. | |
| 650 | 0 | _aSaving and investment. | |
| 942 |
_2ddc _cBB |
||
| 999 |
_c10703 _d10703 |
||